000 00319nam a22001457a 4500
008 210312b ||||| |||| 00| 0 eng d
020 _a9781439048658
041 _aeng
080 _24th
_a510
082 _24th
_a510
100 _a36
101 _aMAT
245 _aIntroductory Algebra
_cTussy,S.A
942 _2udc
_cBK
999 _c56508
_d56508